00256nam a2200109Ia 4500008004100000041001200041082001100053100002300064245004700087260000600134650000600140221030s9999 xx 000 0 und d aEnglish a105.23 aS. K. Bhattacharya 0aElectrical Machinescby S. K. Bhattacharya c0 aB